Biblioteca y Centro de Documentación

Los trabajadores y el Mercosur (Registro nro. 5752)

Detalles MARC
000 -CABECERA
Longitud fija campo de control 01364nam a2200373 c 4500
001 - NÚMERO DE CONTROL
Número de control 5752
003 - IDENTIFICADOR DE NÚMERO DE CONTROL
Identificador del número de control ES-MaCES
005 - FECHA Y HORA DE LA ÚLTIMA TRANSACCIÓN
Fecha y hora de la última transacción 20150925135624.0
008 - CAMPO FIJO DE DESCRIPCIÓN FIJA--INFORMACIÓN GENERAL
Códigos de información de longitud fija   970630s1996 ag ||| | spa d
020 ## - ISBN (INTERNATIONAL STANDARD BOOK NUMBER)
Número Internacional Normalizado para Libros (ISBN) 9500509350
035 ## - NÚMERO DE CONTROL DEL SISTEMA
Número de control del sistema CES19980057978m
040 ## - FUENTE DE CATALOGACIÓN
Centro catalogador de origen ES-MaCES
Lengua de catalogación spa
Centro transcriptor ES-MaCES
100 1# - ENCABEZAMIENTO PRINCIPAL--NOMBRE PERSONAL
Nombre de persona Castillo, Gerardo
9 (RLIN) 9279
245 14 - MENCIÓN DE TÍTULO
Título Los trabajadores y el Mercosur
Resto del título : creación, desarrollo y políticas sindicales de la Coordinadora de Centrales Sindicales del Cono Sur (CCSCS)
Mención de responsabilidad, etc. Gerardo Castillo, Julio Godio, Alvaro Orsatti
260 ## - PUBLICACIÓN, DISTRIBUCIÓN, ETC (PIE DE IMPRENTA)
Lugar de publicación, distribución, etc. [Argentina]
Nombre del editor, distribuidor, etc. ULAT-MUN, Unión Lationamericana de Trabajadores Municipales
Fecha de publicación, distribución, etc. 1996
Nombre del editor, distribuidor, etc. Corregidor
300 ## - DESCRIPCIÓN FÍSICA
Extensión 204 p.
Dimensiones 20 cm
541 ## - NOTA DE LA FUENTE INMEDIANTE DE ADQUISICIÓN
Forma de adquisición Gratuito
610 24 - ASIENTO SECUNDARIO DE MATERIA--NOMBRE CORPORATIVO
Nombre de entidad corporativa o nombre de jurisdicción como elemento inicial Coordinadora de Centrales Sindicales del Cono Sur
9 (RLIN) 2567
650 #4 - ASIENTO SECUNDARIO DE MATERIA--TÉRMINO DE MATERIA
Término de materia o nombre geográfico como elemento inicial sindicalismo
9 (RLIN) 29453
650 #4 - ASIENTO SECUNDARIO DE MATERIA--TÉRMINO DE MATERIA
Término de materia o nombre geográfico como elemento inicial federación sindical
9 (RLIN) 29459
650 #4 - ASIENTO SECUNDARIO DE MATERIA--TÉRMINO DE MATERIA
Término de materia o nombre geográfico como elemento inicial actitud sindical
9 (RLIN) 29839
650 #4 - ASIENTO SECUNDARIO DE MATERIA--TÉRMINO DE MATERIA
Término de materia o nombre geográfico como elemento inicial trabajador
9 (RLIN) 28414
650 #4 - ASIENTO SECUNDARIO DE MATERIA--TÉRMINO DE MATERIA
Término de materia o nombre geográfico como elemento inicial América Latina
9 (RLIN) 26882
650 #4 - ASIENTO SECUNDARIO DE MATERIA--TÉRMINO DE MATERIA
Término de materia o nombre geográfico como elemento inicial MERCOSUR
9 (RLIN) 30632
650 #4 - ASIENTO SECUNDARIO DE MATERIA--TÉRMINO DE MATERIA
Término de materia o nombre geográfico como elemento inicial 1991-1996
9 (RLIN) 31195
653 10 - TÉRMINO DE INDEXACIÓN--NO CONTROLADO
Término no controlado Relaciones laborales-Empleo
650 #4 - ASIENTO SECUNDARIO DE MATERIA--TÉRMINO DE MATERIA
9 (RLIN) 28369
Término de materia o nombre geográfico como elemento inicial relaciones laborales
700 1# - ENCABEZAMIENTO SECUNDARIO--NOMBRE PERSONAL
Nombre de persona Godio, Julio
9 (RLIN) 13518
700 1# - ENCABEZAMIENTO SECUNDARIO--NOMBRE PERSONAL
Nombre de persona Orsatti, Álvaro
9 (RLIN) 20030
710 2# - ENCABEZAMIENTO SECUNDARIO--NOMBRE CORPORATIVO
Nombre de entidad o nombre de jurisdicción como elemento inicial Unión Lationamericana de Trabajadores Municipales
Término indicativo de función ed.
9 (RLIN) 5176
902 ## - CES. TIPO DE DOCUMENTO
Tipodoc (006$c Sirtex) LIB Libro
942 ## - ELEMENTOS KOHA
Fuente de clasificaión o esquema Clasificación propia del CES
Koha [por defecto] tipo de item Monografías
Parte de clasificación 2.0.
Existencias
Número de registro Signatura completa Tipo de item de Koha
020798 DPT-6904 Monografías
© CES, Consejo Económico y Social de España 2021